[Event "Saint Denis op"]
[Site "Saint Denis"]
[Date "2022.10.13"]
[Round "3"]
[White "Bonin, Malo"]
[Black "Khantalina, Ilariya"]
[Result "1-0"]
[WhiteElo "1199"]
[BlackElo "1099"]
[PlyCount "141"]
[EventDate "2022.10.13"]
[EventType "swiss"]
[EventRounds "9"]
[EventCountry "RUF"]
[SourceTitle "EXT 2024"]
[Source "ChessBase"]
[SourceDate "2023.10.10"]
[SourceVersion "1"]
[SourceVersionDate "2023.10.10"]
[SourceQuality "1"]

1. d4 d5 2. Bf4 c5 3. c3 Nc6 4. Nf3 Bf5 5. e3 e6 6. Be2 Nf6 7. h3 Be7 8. Nh4 Bxb1 9. Qxb1 Ne4 10. Bd3 Bxh4 11. Bxe4 dxe4 12. Qxe4 0-0 13. g3 Bf6 14. 0-0-0 Qa5 15. Kb1 Qb5 16. h4 a5 17. g4 Qc4 18. g5 Be7 19. Qc2 Qd5 20. Rdg1 Qf5 21. Qxf5 exf5 22. h5 cxd4 23. cxd4 b5 24. Rg2 f6 25. g6 h6 26. Rc1 Nb4 27. Rc7 Rfe8 28. Rb7 Nd3 29. Bg3 Ne1 30. Rg1 Nf3 31. Rd1 b4 32. d5 Ne5 33. d6 Bd8 34. Rd5 Kf8 35. Rc5 Nd3 36. Rc4 Ne5 37. Bxe5 fxe5 38. d7 Re7 39. Rc8 Rxd7 40. Rxa8 Rxb7 41. Rxd8+ Ke7 42. Rd5 Rc7 43. Rxe5+ Kf6 44. f4 a4 45. Rb5 a3 46. Rxb4 axb2 47. Kxb2 Re7 48. Rb6+ Re6 49. Rxe6+ Kxe6 50. Kc3 Kd5 51. Kd3 Ke6 52. a4 Kd5 53. a5 Kc6 54. Kd4 Kd6 55. a6 Kc7 56. Ke5 Kb6 57. Ke6 Kxa6 58. Kf7 Kb5 59. Kxg7 Kc4 60. Kxh6 Kd3 61. g7 Kxe3 62. g8Q Kxf4 63. Qc4+ Ke5 64. Kg5 f4 65. Qxf4+ Ke6 66. Qd4 Ke7 67. Qd5 Kf8 68. Qe6 Kg7 69. h6+ Kh8 70. Qe7 Kg8 71. Qg7# 1-0

[Event "Saint Denis op"]
[Site "Saint Denis"]
[Date "2022.10.13"]
[Round "8"]
[White "Naquin, Miguel"]
[Black "Bonin, Malo"]
[Result "0-1"]
[WhiteElo "1099"]
[BlackElo "1199"]
[PlyCount "80"]
[EventDate "2022.10.13"]
[EventType "swiss"]
[EventRounds "9"]
[EventCountry "RUF"]
[SourceTitle "EXT 2024"]
[Source "ChessBase"]
[SourceDate "2023.10.10"]
[SourceVersion "1"]
[SourceVersionDate "2023.10.10"]
[SourceQuality "1"]

1. d4 d5 2. c4 c6 3. Nc3 Nf6 4. Nf3 Bf5 5. Bg5 e6 6. e3 Bd6 7. c5 Bc7 8. Bxf6 Qxf6 9. Bd3 Bxd3 10. Qxd3 Nd7 11. 0-0 0-0 12. Rfe1 Rfe8 13. Re2 b6 14. cxb6 axb6 15. b4 Bd6 16. a3 c5 17. Nb5 Bb8 18. e4 Rc8 19. Rae1 cxb4 20. axb4 Qh6 21. exd5 Rf8 22. dxe6 Qh5 23. exd7 Qd5 24. Re7 g6 25. R1e5 Bxe5 26. Nxe5 Ra1+ 27. Qf1 Rxf1+ 28. Kxf1 Qxb5+ 29. Kg1 Qxb4 30. g3 Qxe7 31. Kg2 Qd6 32. f4 f6 33. Ng4 Qd5+ 34. Kh3 Qh5+ 35. Kg2 Qxg4 36. d5 Ra8 37. d8Q+ Rxd8 38. d6 Rc8 39. d7 Rc2+ 40. Kg1 Qd1# 0-1